Countries Closest To Random Countries - Statistics

General Stats
  • This quiz has been taken 241 times
  • The average score is 32 of 40
Answer Stats
Country Mi Country % Correct
Portugal 323 Algeria
100%
Malta 312 Algeria
100%
Portugal 396 Andorra
100%
Chile 0 Argentina
100%
Czech Republic 0 Austria
100%
Mexico 0 Belize
100%
Togo 0 Benin
100%
Ghana 27 Benin
100%
Chile 0 Bolivia
100%
Lesotho 261 Botswana
100%
Chile 577 Brazil
100%
Venezuela 0 Brazil
100%
Indonesia 25 Brunei
100%
Ghana 0 Burkina Faso
100%
Thailand 0 Cambodia
100%
Vietnam 0 Cambodia
100%
Vietnam 0 China
100%
North Korea 0 China
100%
Nepal 0 China
100%
Mongolia 0 China
100%
Bhutan 0 China
100%
Sweden 2 Denmark
100%
Somalia 0 Djibouti
100%
Indonesia 0 East Timor
100%
Australia 286 East Timor
100%
Gabon 0 Equatorial Guinea
100%
Somalia 72 Eritrea
100%
Lesotho 177 Eswatini
100%
Somalia 0 Ethiopia
100%
Sweden 0 Finland
100%
Estonia 29 Finland
100%
Andorra 0 France
100%
Portugal 256 France
100%
Monaco 0 France
100%
Guinea-Bissau 39 Gambia
100%
Cape Verde 435 Gambia
100%
Czech Republic 0 Germany
100%
Sweden 45 Germany
100%
Liechtenstein 20 Germany
100%
Togo 0 Ghana
100%
Mexico 0 Guatemala
100%
Guinea-Bissau 0 Guinea
100%
Cape Verde 471 Guinea-Bissau
100%
Canada 1018 Iceland
100%
Bangladesh 0 India
100%
Nepal 0 India
100%
Sri Lanka 1 India
100%
Australia 76 Indonesia
100%
Kuwait 13 Iran
100%
Kuwait 0 Iraq
100%
United Kingdom 0 Ireland
100%
Egypt 0 Israel
100%
Liechtenstein 43 Italy
100%
Andorra 286 Italy
100%
Monaco 5 Italy
100%
Malta 50 Italy
100%
Ghana 0 Ivory Coast
100%
Israel 0 Jordan
100%
Egypt 4 Jordan
100%
Somalia 0 Kenya
100%
Albania 0 Kosovo
100%
Thailand 0 Laos
100%
Vietnam 0 Laos
100%
Sweden 89 Latvia
100%
Estonia 0 Latvia
100%
Egypt 0 Libya
100%
Malta 211 Libya
100%
Estonia 95 Lithuania
100%
Thailand 0 Malaysia
100%
Indonesia 0 Malaysia
100%
Guinea-Bissau 157 Mali
100%
Cape Verde 409 Mauritania
100%
Canada 1124 Mexico
100%
North Korea 768 Mongolia
100%
Portugal 125 Morocco
100%
Lesotho 233 Mozambique
100%
Thailand 0 Myanmar
100%
Bangladesh 0 Myanmar
100%
Bhutan 185 Myanmar
100%
Lesotho 431 Namibia
100%
Bangladesh 14 Nepal
100%
Togo 119 Niger
100%
Togo 63 Nigeria
100%
Ghana 105 Nigeria
100%
Albania 0 North Macedonia
100%
Sweden 0 Norway
100%
Indonesia 0 Papua New Guinea
100%
Chile 0 Peru
100%
Czech Republic 0 Poland
100%
Kuwait 235 Qatar
100%
Canada 769 Russia
100%
North Korea 0 Russia
100%
Mongolia 0 Russia
100%
Estonia 0 Russia
100%
Egypt 9 Saudi Arabia
100%
Kuwait 0 Saudi Arabia
100%
Guinea-Bissau 0 Senegal
100%
Cape Verde 375 Senegal
100%
Guinea-Bissau 159 Sierra Leone
100%
Indonesia 4 Singapore
100%
Botswana 0 South Africa
100%
Lesotho 0 South Africa
100%
North Korea 0 South Korea
100%
Andorra 0 Spain
100%
Portugal 0 Spain
100%
Monaco 232 Spain
100%
Egypt 0 Sudan
100%
Liechtenstein 0 Switzerland
100%
Ghana 0 Togo
100%
Ireland 0 United Kingdom
100%
Canada 0 United States
100%
Mexico 0 United States
100%
Thailand 65 Vietnam
100%
Somalia 83 Yemen
100%
Botswana 0 Zambia
100%
Botswana 0 Zimbabwe
100%
Finland 0 Norway
90%
Finland 0 Russia
90%
Finland 0 Sweden
90%
Norway 68 Denmark
89%
Norway 0 Finland
89%
Czech Republic 43 Hungary
89%
Czech Republic 0 Slovakia
89%
Norway 0 Sweden
89%
Israel 0 Egypt
88%
Israel 0 Lebanon
88%
Moldova 123 Russia
88%
Moldova 0 Ukraine
88%
Liechtenstein 0 Austria
86%
Kuwait 200 Bahrain
86%
Ireland 386 Belgium
86%
United States 0 Canada
86%
South Korea 164 China
86%
Liechtenstein 93 France
86%
Ireland 257 France
86%
Mongolia 24 Kazakhstan
86%
United States 0 Mexico
86%
Ireland 415 Netherlands
86%
Mongolia 478 North Korea
86%
South Korea 0 North Korea
86%
United States 2 Russia
86%
South Korea 283 Russia
86%
Sri Lanka 1011 Bangladesh
83%
Gabon 0 Cameroon
83%
Japan 205 China
83%
Haiti 53 Cuba
83%
Gabon 98 Democratic Republic of the Congo
83%
Yemen 13 Djibouti
83%
Haiti 0 Dominican Republic
83%
Yemen 18 Eritrea
83%
Yemen 68 Ethiopia
83%
Tuvalu 197 Fiji
83%
Singapore 4 Indonesia
83%
Palau 172 Indonesia
83%
Haiti 117 Jamaica
83%
North Korea 418 Japan
83%
Singapore 0.4 Malaysia
83%
Japan 261 North Korea
83%
Yemen 0 Oman
83%
Gabon 0 Republic of the Congo
83%
Japan 27 Russia
83%
Tuvalu 555 Samoa
83%
Yemen 0 Saudi Arabia
83%
Japan 31 South Korea
83%
Estonia 93 Sweden
83%
Monaco 151 Switzerland
83%
Vietnam 65 Thailand
83%
Singapore 325 Thailand
83%
Dominica 96 Antigua & Barbuda
80%
Papua New Guinea 2 Australia
80%
Dominica 172 Barbados
80%
United Kingdom 50 Belgium
80%
Venezuela 0 Colombia
80%
Mexico 177 Cuba
80%
Eritrea 0 Djibouti
80%
Eritrea 0 Ethiopia
80%
United Kingdom 21 France
80%
Albania 0 Greece
80%
Venezuela 85 Grenada
80%
Venezuela 0 Guyana
80%
Bhutan 0 India
80%
Maldives 279 India
80%
Papua New Guinea 0 Indonesia
80%
Albania 0 Montenegro
80%
Bhutan 39 Nepal
80%
United Kingdom 83 Netherlands
80%
Australia 810 New Zealand
80%
United Kingdom 183 Norway
80%
Maldives 1191 Pakistan
80%
Australia 2 Papua New Guinea
80%
Papua New Guinea 3 Solomon Islands
80%
Australia 864 Solomon Islands
80%
Maldives 471 Sri Lanka
80%
Dominica 125 St. Kitts and Nevis
80%
Dominica 80 St. Lucia
80%
Dominica 127 St. Vincent and the Grenadines
80%
Eritrea 0 Sudan
80%
Venezuela 5 Trinidad and Tobago
80%
Norway 0 Russia
78%
Botswana 20 Angola
75%
New Zealand 810 Australia
75%
Qatar 1 Bahrain
75%
Moldova 102 Bulgaria
75%
Togo 0 Burkina Faso
75%
Seychelles 212 Comoros
75%
Iceland 915 Denmark
75%
Djibouti 0 Eritrea
75%
New Zealand 1154 Fiji
75%
Iceland 671 Ireland
75%
Lebanon 0 Israel
75%
Lebanon 28 Jordan
75%
Seychelles 579 Kenya
75%
Cape Verde 470 Morocco
75%
Botswana 0 Namibia
75%
Moldova 0 Romania
75%
New Zealand 1687 Samoa
75%
Israel 10 Saudi Arabia
75%
Qatar 0 Saudi Arabia
75%
Djibouti 0 Somalia
75%
Israel 0 Syria
75%
New Zealand 1159 Tonga
75%
Malta 179 Tunisia
75%
Iceland 487 United Kingdom
75%
New Zealand 995 Vanuatu
75%
Bangladesh 27 Bhutan
71%
Bangladesh 58 China
71%
Panama 0 Colombia
71%
Panama 0 Costa Rica
71%
Ireland 510 Germany
71%
South Korea 31 Japan
71%
Mongolia 571 Kyrgyzstan
71%
South Korea 615 Taiwan
71%
Finland 29 Estonia
70%
Finland 133 Latvia
70%
Gabon 73 Angola
67%
Haiti 63 Bahamas
67%
Singapore 620 Cambodia
67%
Burundi 0 Democratic Republic of the Congo
67%
Palau 830 East Timor
67%
Sri Lanka 910 Indonesia
67%
Burundi 260 Kenya
67%
Vietnam 78 Myanmar
67%
Sri Lanka 1012 Myanmar
67%
Palau 785 Papua New Guinea
67%
Burundi 0 Rwanda
67%
Japan 67 Taiwan
67%
Tuvalu 465 Tonga
67%
Burundi 59 Uganda
67%
Norway 182 United Kingdom
67%
Singapore 495 Vietnam
67%
Lebanon 105 Cyprus
63%
Sao Tome & Principe 112 Equatorial Guinea
63%
Nauru 482 Federated States of Micronesia
63%
Moldova 173 Hungary
63%
Seychelles 179 Madagascar
63%
Sao Tome & Principe 381 Republic of the Congo
63%
Lebanon 0 Syria
63%
Bhutan 27 Bangladesh
60%
Mauritius 828 Comoros
60%
Mexico 302 El Salvador
60%
Turkmenistan 0 Kazakhstan
60%
Mauritius 498 Madagascar
60%
Mauritius 1085 Mozambique
60%
Maldives 1305 Oman
60%
Papua New Guinea 785 Palau
60%
Albania 38 Serbia
60%
Mauritius 220 Seychelles
60%
Eritrea 72 Somalia
60%
Turkmenistan 68 Tajikistan
60%
Mauritius 1098 Tanzania
60%
Turkmenistan 0 Uzbekistan
60%
United States 93 Cuba
57%
Panama 393 Honduras
57%
Panama 277 Venezuela
57%
Tunisia 0 Algeria
50%
Monaco 251 Austria
50%
Sao Tome & Principe 169 Cameroon
50%
Djibouti 0 Ethiopia
50%
Tunisia 280 France
50%
Sao Tome & Principe 148 Gabon
50%
Malta 363 Greece
50%
Tunisia 44 Italy
50%
Tuvalu 213 Kiribati
50%
Qatar 236 Kuwait
50%
Cambodia 0 Laos
50%
Tunisia 0 Libya
50%
Cambodia 252 Malaysia
50%
Sri Lanka 445 Maldives
50%
Tunisia 179 Malta
50%
Nauru 372 Marshall Islands
50%
Seychelles 220 Mauritius
50%
Andorra 295 Monaco
50%
Seychelles 720 Mozambique
50%
Cambodia 201 Myanmar
50%
Tuvalu 721 Nauru
50%
Sao Tome & Principe 185 Nigeria
50%
Iceland 602 Norway
50%
Chile 284 Paraguay
50%
Palau 408 Philippines
50%
Djibouti 254 Saudi Arabia
50%
Iceland 770 Sweden
50%
Andorra 320 Switzerland
50%
Burundi 0 Tanzania
50%
Cambodia 0 Thailand
50%
Lebanon 78 Turkey
50%
Qatar 20 United Arab Emirates
50%
Cambodia 0 Vietnam
50%
Djibouti 12 Yemen
50%
United States 53 Bahamas
43%
Panama 99 Nicaragua
43%
Turkmenistan 0 Afghanistan
40%
Canada 1030 Bahamas
40%
Papua New Guinea 536 Federated States of Micronesia
40%
Turkmenistan 0 Iran
40%
Maldives 1216 Seychelles
40%
Eritrea 18 Yemen
40%
Nauru 686 Solomon Islands
38%
Nauru 721 Tuvalu
38%
Nepal 14 Bangladesh
33%
Nepal 39 Bhutan
33%
Palau 263 Federated States of Micronesia
33%
Qatar 116 Iran
25%
Nauru 179 Kiribati
25%
Haiti 386 Colombia
17%
Nepal 345 Pakistan
0%
No matching quizzes found
Score Distribution
Percent of People with Each Score
Percentile by Number Answered
Your Score History
You have not taken this quiz